000 00774nam a2200217 4500
005 20240710103213.0
010 _aENG-140869
020 _a9788123445236
_c410.00
035 _aEN-124401
037 _bNew Century Book House (P) Ltd.
082 _a880
_21
100 _aRajamanickam, A
_968337
245 _aThirukkural:
_b(A Simple English Rendering)/
_cTranslated by A Rajamanickam [and] T. Santhi
_hEnglish
250 _a1
260 _aChennai
_bNew Century Book House (P) Ltd.
_c2023
270 _a41-B, SIDCO Industrial Estate, Ambattur
_bChennai
_e600050
_k04426251968
_minfo@ncbh.in
300 _avii, 328p.
_c21cm(pb)
700 _aRajamanickam, A
_eTranslator
_968337
700 _aSanthi, T
_eTranslator
_968338
942 _2ddc
_cEN
_h880
_mRAJ
_e1
999 _c204088
_d204088